The triumphs of a true Christian faith. A sermon, preach'd at St. Mary's, before the University of Oxford, on All-Saints-day; November the first, 1715. By Stephen Clarke.

Bibliographic Details
Main Author: Clarke, Stephen, Rector of Burythorpe
Format: eBook
Language:English
Series:Eighteenth century collections online.
Online Access:Full text online

MARC

Tag First Indicator Second Indicator Subfields
LEADER 00000cam a2200000 4500
001 in00001968421
006 m | d |
007 cr |n||||||||n
008 791208s1715 enk|||| s 00||||eng d
005 20260407221112.3
035 |a (CStRLIN)ESTCT84238 
040 |a Uk-ES  |c Uk-ES  |d CStRLIN  |d Thomson Gale  |d UtOrBLW 
100 1 |a Clarke, Stephen,  |c Rector of Burythorpe. 
245 1 4 |a The triumphs of a true Christian faith. A sermon, preach'd at St. Mary's, before the University of Oxford, on All-Saints-day; November the first, 1715. By Stephen Clarke. 
264 3 |a London :  |b printed for John Clark,  |c 1715. 
300 |a 6 unnumbered pages, 18p. ;  |c 8⁰. 
336 |a text  |b txt  |2 rdacontent 
337 |a computer  |b c  |2 rdamedia 
338 |a online resource  |b cr  |2 rdacarrier 
500 |a Reproduction of original from the British Library. 
510 4 |a English Short Title Catalog,  |c ESTCT84238. 
533 |a Electronic reproduction.  |b Farmington Hills, Mich. :  |c Thomson Gale,  |d 2003.  |n Available via the World Wide Web.  |n Access limited by licensing agreements  |7 s2003 miunns 
500 |a Electronic resource. 
830 0 |a Eighteenth century collections online. 
856 4 0 |u http://proxy.library.tamu.edu/login?url=https://galenet.galegroup.com/servlet/ECCO?c=1&stp=Author&ste=11&af=BN&ae=T084238&tiPG=1&dd=0&dc=flc&docNum=CW120915119&vrsn=1.0&srchtp=a&d4=0.33&n=10&SU=0LRF&locID=txshracd2898  |z Full text online  |t 0 
999 |a MARS 
999 f f |s 0b6ae63a-1c0e-39ed-b779-d49855785dcc  |i 641b8287-759c-30c1-94d4-123f12e77fea  |t 0 
952 f f |a Texas A&M University  |b College Station  |c Electronic Resources  |s www_evans  |d Available Online  |t 0  |h No information provided 
998 f f |t 0  |l Available Online